000 00316 a2200145 4500
001 170994
020 _a
040 _cMagnum
100 _aAmaral, Maria Lucia
240 1 0 _aJoão contra a bruxa cabelão
_lpor
245 1 0 _aJoão contra a bruxa cabelão
362 0 _a1899
697 _aIJ/FICCAO
942 _cBK
999 _c170994
_d170994